[Event "Fagernes GM Swiss 2020"]
[Site "Fagernes"]
[Date "2020.10.06"]
[Round "3.11"]
[White "Kvaloy, Aksel Bu"]
[Black "Galinsky, Timofey"]
[Result "0-1"]
[WhiteElo "2174"]
[BlackElo "2370"]
[Annotator "TA"]
[PlyCount "100"]
[EventDate "2020.10.04"]
[EventType "swiss"]
[EventCountry "NOR"]
[SourceTitle "playchess.com"]
[Source "ChessBase"]
[SourceQuality "1"]

{[%evp 9,100,66,55,62,112,55,93,45,50,51,53,47,71,47,47,25,30,-22,-15,-18,-11,-25,-44,-37,0,-11,-5,-16,-22,-407,-406,-402,-397,-390,-386,-376,-81,-69,-45,-286,-286,-267,-246,-266,-116,-112,-115,-115,-115,-115,-115,-115,-115,-118,-113,-117,-114,-108,-113,-403,-371,-1464,-1575,-1145,-977,-1612,-1318,-960,-893,-1652,-1055,-12817,-2591,-12833,-12833,-12833,-5762,-12834,-6207,-12839,-12839,-12840,-12840,-12841,-12841,-12841,-12842,-12845,-12845,-12847,-12846,-12846,-12846]} 1. c4 c6 2. g3 h5 3. Nf3 {[#]} Nf6 $146 ({Predecessor:} 3... d6 4. Bg2 g6 5. Nc3 Bg7 6. d4 Nf6 7. O-O d5 8. Bf4 dxc4 9. Ne5 Be6 10. e4 {0-1 (54) Biermann,F-Dreisch,J (1965) GER email 2015}) 4. Bg2 d6 5. d4 Bf5 6. Nc3 {A11: English Opening: 1...c6.} Qc8 7. h3 (7. O-O $16) 7... Nbd7 8. b3 {White is better.} Ne4 9. Nxe4 Bxe4 10. O-O Nf6 11. Kh2 e6 12. Bg5 Be7 13. Bxf6 (13. Kg1 $142) 13... Bxf6 $11 14. Rc1 h4 15. Nxh4 Bxg2 16. Nxg2 e5 (16... Bxd4 $5 17. Nh4 (17. Qxd4 $2 e5 $19) 17... e5 $15) 17. h4 g5 {[%cal Rg5h4]} 18. dxe5 gxh4 $40 {[%mdl 128] Black mounts an attack.} 19. gxh4 $2 {[%mdl 8192]} (19. g4 $11 Bxe5+ 20. f4 Qxg4 21. fxe5) 19... Bxh4 $19 20. Kg1 Qg4 {( -> ...Rg8)} 21. Qd3 O-O-O 22. Qf3 Qxf3 $2 (22... Qe6 $1 $19 {and Black stays clearly on top.} 23. Rfd1 dxe5 24. Rxd8+ Bxd8) 23. exf3 $17 dxe5 {And now ...Rdg8 would win.} 24. Rcd1 $2 ({Better is} 24. Rfd1 $15) 24... Rdg8 $19 25. Rfe1 Bd8 26. Kf1 Rh2 (26... Ba5 $19 {is more deadly. Threatens to win with ...f6.} 27. Rxe5 Rh1+ 28. Ke2 Rxd1 29. Rxa5 Rb1) 27. Ne3 $17 Ba5 {White must now prevent ...Rh1+.} 28. Nf5 {Ne7+ is the strong threat.} Bxe1 29. Ne7+ Kc7 30. Nxg8 Bxf2 {[%mdl 4096] Endgame aiming for ...Bd4. KRB-KRN} 31. Rd2 Bg3 32. Rxh2 Bxh2 {KB-KN} 33. Nh6 Bf4 $1 {[%cal Rf4h6]} 34. Nxf7 $2 {[%mdl 8192] [#]} (34. Nf5 $17) 34... c5 $1 $19 35. Nh8 $2 (35. b4 cxb4 36. Ke2) 35... Kd6 {Black is clearly winning.} 36. Ng6 Bg5 37. Ke2 {[#]} Ke6 $1 {[%cal Re6f5]} 38. Kd3 Kf5 39. Nf8 Be7 40. Nh7 Bd6 41. Ke3 Kg6 42. Ke4 Kxh7 {KB-KP} 43. Kd5 Bc7 44. Ke6 Kg6 45. Kd7 Ba5 46. Ke6 Bc3 47. a3 Kg5 48. b4 cxb4 49. axb4 Kf4 50. b5 b6 {Accuracy: White = 43%, Black = 82%.} 0-1

[Event "Fagernes GM Swiss 2020"]
[Site "Fagernes"]
[Date "2020.10.06"]
[Round "3.12"]
[White "Vestby-Ellingsen, Mads"]
[Black "Royset, Pal"]
[Result "1/2-1/2"]
[WhiteElo "2362"]
[BlackElo "2150"]
[Annotator "TA"]
[PlyCount "140"]
[EventDate "2020.10.04"]
[EventType "swiss"]
[EventCountry "NOR"]
[SourceTitle "playchess.com"]
[Source "ChessBase"]
[SourceQuality "1"]

{[%evp 13,140,14,18,0,8,0,0,0,0,2,37,6,10,5,23,25,30,0,0,0,50,47,48,41,56,55,54,40,85,51,89,81,81,81,93,74,109,110,123,58,75,12,133,136,130,139,141,43,47,37,168,-87,-107,-90,-85,-71,0,0,62,73,80,74,80,80,80,0,0,0,0,0,0,0,0,0,0,0,0,0,0,0,0,0,0,0,0,0,0,0,0,0,0,-8,0,-8,-8,-8,-8,-8,-8,-8,-8,-8,-8,-8,-8,-8,-8,-8,-8,-8,-8,-8,-8,-8,-8,-8,0,-8,-8,-8,-8,-8,-8,-8,0,0,0,0,0]} 1. Nf3 d5 2. c4 e6 3. g3 Nf6 4. Bg2 Be7 5. d4 O-O 6. O-O c6 7. Qc2 b6 {[%cal Bb7b6,Bb6b5,Bb5b4][%mdl 32]} 8. Nc3 {E06: Closed Catalan: Early deviations.} Ba6 9. cxd5 cxd5 10. Bg5 Nbd7 11. Rfc1 b5 {[#]} 12. e3 $146 ({Predecessor:} 12. a3 h6 {½-½ (13) Ghaem Maghami,E (2540)-Mosadeghpour,M (2531) Teheran 2019}) 12... b4 13. Na4 Bb5 14. Bf1 a6 15. Bxb5 (15. Bxf6 $5 gxf6 16. Qd1 $11) 15... axb5 16. Nc5 Nxc5 17. Bxf6 gxf6 18. dxc5 Rc8 19. c6 Qb6 20. Nd4 f5 21. Qd2 Rc7 22. Rc2 $1 Rfc8 23. Rac1 $1 Rb8 24. Kg2 Qa6 25. b3 Qc8 26. Qd3 (26. g4 $16) 26... Rb6 $1 $14 27. Qe2 ({White should try} 27. Rd1 $16) 27... Qa8 (27... e5 $1 $11 {remains equal.} 28. Nxb5 (28. Nf3 Bf6 $11) 28... Rcxc6) 28. g4 $1 $16 f4 29. exf4 {Threatens to win with Nxe6!} Bf6 30. Nxb5 (30. Rd2 $16) 30... Rcxc6 $14 31. g5 Bg7 (31... Rxc2 $14 32. Qxc2 (32. Rxc2 Bg7 $11) 32... Bc3 33. Nxc3 Rc6 {[%mdl 64] Pin}) 32. f5 $2 (32. Nc7 $1 $18 {[%cal Rc7a8]} Rxc2 33. Nxa8 (33. Qxc2 Qb8 $11) (33. Rxc2 Qd8 $11) 33... Rxe2 34. Rc8+ Bf8 35. Nxb6) 32... Rxc2 $17 33. Rxc2 {[#]} d4+ $1 34. Kg1 {[#]} Qa6 (34... Qd5 $1 $17 {...d3! is the strong threat.} 35. Rc8+ Bf8) 35. Rc5 $11 Bf8 (35... Rc6 $11 36. Rxc6 Qxc6) 36. Re5 $36 {[%mdl 2048] White is on the roll.} Bd6 37. Nxd6 Qxe2 38. Rxe2 Rxd6 $16 {[%mdl 4096] Endgame KR-KR} 39. f4 (39. fxe6 $16 {Threatening mate with e7.} fxe6 40. Kg2) 39... d3 $11 {The position is equal.} 40. Rd2 {aiming for fxe6.} exf5 41. Kf2 Rd4 42. Ke3 Re4+ 43. Kf3 Rd4 44. Ke3 Re4+ 45. Kxd3 Rxf4 46. Ke3 Re4+ 47. Kf3 Kg7 48. Rd6 Rh4 49. Rb6 Rxh2 50. Rxb4 {And now a4 would win.} Rxa2 51. Rb6 Ra1 52. Rf6 Rb1 53. Rxf5 Rxb3+ 54. Kg4 Rb1 55. Ra5 Rg1+ 56. Kf4 Rf1+ 57. Kg4 h6 58. gxh6+ Kxh6 59. Rf5 Rg1+ 60. Kf3 Kg6 61. Ra5 f5 62. Kf2 Rb1 63. Ra3 Kg5 64. Rc3 f4 65. Ra3 Kg4 66. Rc3 Rb2+ 67. Kf1 Ra2 68. Rb3 f3 69. Rb8 Kg3 {( -> ...Ra1+)} 70. Rg8+ Kf4 {Accuracy: White = 78%, Black = 78%.} 1/2-1/2

[Event "Fagernes GM Swiss 2020"]
[Site "Fagernes"]
[Date "2020.10.06"]
[Round "3.13"]
[White "Unneland, Mathias"]
[Black "Abdrlauf, Elham"]
[Result "1-0"]
[WhiteElo "2149"]
[BlackElo "2362"]
[Annotator "TA"]
[PlyCount "145"]
[EventDate "2020.10.04"]
[EventType "swiss"]
[EventCountry "NOR"]
[SourceTitle "playchess.com"]
[Source "ChessBase"]
[SourceQuality "1"]

{[%evp 9,145,23,33,31,30,19,29,13,33,39,53,46,109,120,125,128,129,125,132,129,130,129,114,115,117,120,130,116,114,113,120,59,59,51,58,5,7,6,5,5,3,6,6,6,5,4,7,8,11,10,24,-6,-6,-5,-6,-12,-12,-13,-12,-14,-8,-16,0,-8,0,0,0,0,0,0,0,-6,0,0,0,-15,0,-19,0,-8,-7,-7,0,-8,-8,-8,-7,-8,-7,-7,-7,-8,-8,-8,0,0,0,-12,0,0,0,0,0,0,0,0,0,0,0,0,0,0,0,0,0,0,0,0,0,0,0,0,0,0,0,0,0,0,29975,29962,29962,29969,29967,29968,29969,29969,29969,29971]} 1. e4 c6 2. d4 d5 3. e5 c5 4. Nf3 Nc6 5. dxc5 Bg4 6. c3 {B12: Caro-Kann: Advance Variation.} Bxf3 7. Qxf3 e6 8. Be3 {White has an edge.} Nxe5 9. Bb5+ Nc6 10. c4 $1 {[%mdl 4] Threatens to win with Nc3. now scores much better than the old 10.0-0.} Nf6 (10... Qf6 $14 11. Nd2 (11. cxd5 Qxf3 12. gxf3 exd5 $11) 11... Qxf3 12. Nxf3 Nf6) 11. Nc3 $16 Be7 {[#]} 12. O-O-O $146 {[%cal Rc4d5]} ({Predecessor:} 12. cxd5 Nxd5 13. O-O O-O 14. Rfd1 Qa5 15. Nxd5 exd5 16. Bf1 d4 17. Bxd4 Bxc5 18. Bc3 {½-½ (40) Warakomski,T (2537)-Dudzinski,P (2241) Katowice 2017}) 12... O-O {Black wants to play ...Qa5.} 13. cxd5 Nxd5 14. Nxd5 exd5 15. Rxd5 Qa5 {[#]} 16. Bc4 $1 Bf6 17. Bd2 Qc7 18. Kb1 Rad8 19. Bf4 Qa5 {White must now prevent ...Qb4!} 20. Rhd1 (20. Bd6 $16) 20... Qb4 $14 {[%csl Gf6][%cal Rb4b2]} 21. Bb3 $1 Nd4 $1 {[%cal Rd4f3]} 22. Qe4 ({White should try} 22. Qc3 $1 $14 Qxc3 23. bxc3 Rxd5 24. Bxd5) 22... Rde8 $132 {[%mdl 2048] Black is not holding back} 23. Be5 Bxe5 24. Rxe5 Rxe5 25. Qxe5 Nxb3 26. axb3 Qxb3 {[%mdl 4096] Endgame KQR-KQR} 27. Rd7 h6 28. Qd5 Qxd5 29. Rxd5 {KR-KR} Rc8 30. Rd7 Rxc5 31. Rxb7 a5 32. Rd7 g5 33. Rd4 Kg7 34. h4 Kg6 35. hxg5 hxg5 36. Rd2 Kf5 37. Rc2 Rd5 38. Kc1 g4 39. Rc3 Kg5 40. Re3 f5 41. Kc2 Rd8 42. Re5 a4 43. Ra5 Rd4 44. Re5 Kf6 45. Re3 Kg5 46. Re5 Rc4+ 47. Kd3 Rb4 48. Kc2 Rf4 49. Re2 Rc4+ 50. Kd2 Rb4 51. Ke1 f4 52. Rc2 Kf5 53. f3 g3 54. Re2 Rb8 55. Kd1 Rh8 56. Kd2 Rb8 57. Kc2 (57. Kc3 {with more complications.} Rb3+ 58. Kd4 Rb4+ 59. Kd3 Rb8 60. Kc2) 57... Rh8 58. Kd2 Rh2 59. Kc2 Kg5 60. Kd2 Kf5 61. Kc2 Rh1 62. Kd2 Rg1 63. Kc2 Kg5 64. Kd2 Kh4 65. Kc2 Rxg2 66. Rxg2 {KR-K3P} Kh3 67. Rg1 Kh2 (67... g2 $5 68. Kd3 $8 Kh2 $11) 68. Ra1 Kg2 $2 {[%mdl 8192]} (68... g2 $11 69. Kd3 g1=Q 70. Rxg1 Kxg1) 69. Kd3 {White mates.} Kxf3 70. Rf1+ Kg4 {[#]} 71. Ke4 $1 g2 72. Rxf4+ Kh3 73. Rf8 {Accuracy: White = 94%, Black = 97%.} 1-0

[Event "Fagernes GM Swiss 2020"]
[Site "Fagernes"]
[Date "2020.10.06"]
[Round "3.14"]
[White "Ranaldi, Lucas"]
[Black "Nilsen, Tobias Lang"]
[Result "1-0"]
[WhiteElo "2334"]
[BlackElo "2146"]
[Annotator "TA"]
[PlyCount "119"]
[EventDate "2020.10.04"]
[EventType "swiss"]
[EventCountry "NOR"]
[SourceTitle "playchess.com"]
[Source "ChessBase"]
[SourceQuality "1"]

{[%evp 20,119,70,48,46,41,67,65,66,61,82,71,89,67,103,53,75,65,83,69,60,59,57,51,67,62,80,33,115,116,124,114,124,92,119,61,145,128,189,174,172,147,146,148,159,162,190,133,115,125,217,191,196,87,193,219,222,196,258,258,477,455,479,479,474,469,452,455,520,411,518,424,437,431,454,462,672,670,638,603,2186,2544,2428,2377,2295,2291,2021,1456,2140,2010,29972,29973,29969,12018,29977,29978,29978,29979,29983,29984,29984,29985]} 1. c4 c5 2. Nf3 g6 3. d4 cxd4 4. Nxd4 Bg7 5. e4 Nc6 6. Be3 Nf6 7. Nc3 d6 8. Be2 O-O 9. O-O Bd7 10. Qd2 Qa5 11. f3 Rfc8 {B38: Sicilian: Maroczy Bind with 5...Bg7 and 7...0-0.} 12. Rfd1 Qd8 13. Rac1 Nxd4 {White is slightly better.} 14. Bxd4 {[#]} Be6 $146 ({Predecessor:} 14... Qf8 15. Be3 Bc6 16. b4 a6 17. a4 a5 18. b5 Be8 19. Nd5 Nd7 20. Bd4 Bxd4+ 21. Qxd4 {0-1 (89) Young,C (2123)-Arkell,K (2436) London 2001}) 15. b3 Qf8 16. Be3 h5 17. Nd5 (17. Rf1 {seems wilder.} Bd7 18. f4 Bc6 19. Qd3 Nd7 20. f5) 17... Bxd5 18. exd5 a5 19. a3 Nd7 20. Rc2 Nc5 21. Rb1 a4 22. b4 Nb3 23. Qd1 Bh6 (23... Bf6 $14) 24. f4 $16 Qg7 25. Qd3 Qf6 26. Rf1 Bg7 27. f5 (27. Rd1 $16) 27... Qe5 (27... Nd4 $14) 28. Kh1 Nd4 (28... Rf8 $16 {might work better.} 29. c5 (29. fxg6 fxg6 30. Rd1 Na1 $16) 29... dxc5) 29. Bxd4 Qxd4 30. fxg6 fxg6 31. Qxg6 Rf8 {intending ...Rxf1+.} 32. Bf3 Rf6 33. Qg5 (33. Qxh5 $18 Raf8 34. c5) 33... Qd3 {[%cal Rd3f1]} 34. Qc1 Raf8 (34... Bh6 $16 35. Rc3 Qxf3 36. Rfxf3 (36. Rcxf3 Bxc1 37. Rxf6 exf6 $16) 36... Bxc1 37. Rxf6 (37. Rxc1 b6 $16) 37... exf6 38. Rxc1 b6) 35. Rc3 Qg6 {[#]} 36. Qc2 (36. c5 $1 $18) 36... Qg5 {[#]} (36... Rf5 $16 {is a better defense.}) 37. c5 $1 $18 ({Don't do} 37. Qxa4 $6 Rf4 $14) 37... Rf4 38. Rc4 {Strongly threatening Rxf4.} Bd4 (38... dxc5 {was necessary.} 39. bxc5 Kh8) 39. Qd2 ({Not} 39. Qxa4 dxc5 40. bxc5 Bxc5 $14) 39... Be5 $2 (39... dxc5 40. bxc5 Qg7) 40. g3 R4f5 41. Qxg5+ Rxg5 42. c6 b5 43. Rc2 Bd4 44. Kg2 Rb8 45. h4 Re5 46. Re2 Rxe2+ 47. Bxe2 {[%mdl 4096] Endgame KRB-KRB} Bb2 (47... Bb6 $142 48. Bxh5 Rc8) 48. Bxh5 Bxa3 49. Bg4 Bb2 50. c7 Ra8 51. c8=Q+ Rxc8 52. Bxc8 a3 53. Bd7 a2 54. Bxb5 a1=Q 55. Rxa1 Bxa1 56. Bd7 Bd4 57. g4 {White mates.} Kf7 58. g5 e5 59. dxe6+ Ke7 60. Kf3 {Accuracy: White = 82%, Black = 45%.} 1-0

[Event "Fagernes GM Swiss 2020"]
[Site "Fagernes"]
[Date "2020.10.06"]
[Round "3.15"]
[White "Dahl, Trygve"]
[Black "Krivenko, Dion"]
[Result "1-0"]
[WhiteElo "2211"]
[BlackElo "2047"]
[Annotator "TA"]
[PlyCount "81"]
[EventDate "2020.10.04"]
[EventType "swiss"]
[EventCountry "NOR"]
[SourceTitle "playchess.com"]
[Source "ChessBase"]
[SourceQuality "1"]

{[%evp 13,80,16,17,18,16,14,15,13,50,30,44,8,11,0,66,39,44,5,19,0,38,0,36,12,35,30,58,12,50,52,38,17,24,10,55,0,0,0,37,41,49,23,76,85,118,-170,-166,-157,16,-185,328,333,371,358,707,566,4998,3968,2560,2608,2060,1947,1896,2036,29980,29981,29981,29982,29999]} 1. e4 c5 2. Nf3 d6 3. d4 cxd4 4. Nxd4 Nf6 5. f3 e5 6. Nb3 Be7 7. c4 a5 8. Be3 {B55: Sicilian: 2...d6 3 d4 cxd4 4 Nxd4 Nf6 5 f3.} a4 9. Nc1 Qa5+ 10. Qd2 {The position is equal.} Bd8 {[#]} 11. Nc3 $146 ({Predecessor:} 11. Ne2 Be6 12. Na3 Qxd2+ 13. Kxd2 Ba5+ 14. Nc3 Nc6 15. Nab5 Ke7 16. Be2 Rhc8 17. Rhc1 {0-1 (40) Ivanchuk,V (2768)-Sutovsky,E (2700) Khanty-Mansiysk 2011}) 11... O-O 12. Bd3 Bb6 13. N1e2 Qa7 (13... Be6 $11) 14. Kf2 Bd7 15. h3 Na6 16. g4 Nc7 17. Rhd1 Be6 18. Rac1 Rfd8 19. Ng3 g6 20. Rc2 h6 21. Nf1 Kg7 22. Kg2 Bxe3 23. Nxe3 Qb8 24. Kh2 (24. Bf1 $14) 24... b5 $11 25. Ncd5 Bxd5 26. cxd5 Nd7 27. Rg1 Rh8 (27... Nc5 $11) 28. Rc6 $16 Ra6 29. Nf5+ $2 {[%mdl 8192]} (29. Bxb5 $1 $16 {stays on course.} Rxc6 30. Bxc6) 29... gxf5 $19 30. gxf5+ Kf6 $2 (30... Kf8 $17 31. f4 Qb7) 31. Rgc1 $2 (31. Qc2 $11 Rxc6 32. dxc6) 31... Nc5 $4 {[%mdl 8192]} (31... Rxc6 $19 {avoids the disaster.} 32. dxc6 Nc5) 32. R1xc5 $1 $18 {Black must now prevent f4.} Rxc6 33. Rxc6 Ke7 $2 {[#]} (33... Ne8 34. f4 Kg7 35. fxe5 dxe5) 34. f6+ $1 {[%mdl 512]} Kd7 (34... Kxf6 35. Rxd6+) 35. Qb4 Qa7 36. Qxd6+ Kc8 37. Rc5 Qa5 38. Be2 Rd8 39. Qc6 {White mates.} Rd7 40. d6 {[%mdl 64] [#] Pin, Discovered Attack} Qe1 41. Qa8# {Accuracy: White = 56%, Black = 39%.} 1-0

[Event "Fagernes GM Swiss 2020"]
[Site "Fagernes"]
[Date "2020.10.06"]
[Round "3.16"]
[White "Dolzhikova, Olga"]
[Black "Skaslien, Ingrid"]
[Result "1/2-1/2"]
[WhiteElo "2208"]
[BlackElo "1976"]
[Annotator "TA"]
[PlyCount "132"]
[EventDate "2020.10.04"]
[EventType "swiss"]
[EventCountry "NOR"]
[SourceTitle "playchess.com"]
[Source "ChessBase"]
[SourceQuality "1"]

{[%evp 10,132,7,0,13,-9,-9,-7,0,-13,-5,-26,-18,-109,-100,-94,-93,-105,-78,-87,-68,-87,-102,-94,-86,-88,-104,-95,-92,-87,-72,-76,-64,-61,-24,-21,-31,-83,-75,-66,-81,-129,-108,-212,-191,-310,-121,-108,-68,-95,-65,-76,28,29,31,36,30,33,72,45,45,15,20,20,32,4,37,33,29,22,76,0,0,0,0,0,41,43,113,134,107,82,77,83,89,48,52,39,39,42,64,62,60,57,64,56,56,40,55,45,60,28,28,26,26,0,21,5,4,0,8,8,12,0,0,0,0,0,0,0,0,0,0,0,0]} 1. b3 d5 2. Bb2 Nf6 3. e3 e6 4. Nf3 Be7 5. Be2 O-O 6. O-O Nbd7 {A06: Réti Opening: 1 Nf3 d5.} 7. d3 b6 8. Nbd2 Bb7 9. h3 c5 10. Nh2 {[#]} Qc7 $146 ({Predecessor:} 10... e5 11. c4 Re8 12. Ng4 Bf8 13. cxd5 Nxd5 14. Bf3 f5 15. Nh2 N7f6 16. Re1 Rb8 {0-1 (80) Meillon,J (1987)-Papadiamandis,E (2157) Hyeres 2019}) 11. f4 (11. c4 $11) 11... e5 $17 12. fxe5 Nxe5 13. Rf5 Bd6 14. Nhf3 {[%cal Rf3e5]} Rfe8 15. Nf1 Nfd7 16. d4 Nxf3+ 17. Bxf3 g6 18. Rxd5 Bxd5 19. Bxd5 {[#] aiming for Qf3.} Rad8 20. Qf3 Re7 21. c4 b5 22. cxb5 cxd4 $1 23. Rc1 ({Better is} 23. Bxd4 $15 Be5 24. Rd1) 23... Qb8 24. exd4 Qxb5 25. Nd2 Nb6 26. Be4 (26. Bc4 $17 {was called for.} Qe8 27. Rf1 Nxc4 28. Nxc4) 26... Qg5 27. Rc2 (27. Rd1 $142) 27... Bf4 $2 (27... Rde8 $19 {and Black stays clearly on top. ...f5 is the strong threat.} 28. Bc3 f5 29. Bd5+ Nxd5 30. Qxd5+ Kg7) 28. Nf1 Bb8 29. Rf2 Qh4 30. Bc6 h6 (30... f5 $17) 31. d5 $1 $11 {[#] And now g3 would win.} f5 32. g3 Qb4 33. Bf6 Bd6 {Black wants to play ...Bc5.} 34. Bxe7 Bxe7 35. Re2 Bc5+ 36. Kh2 Qd4 {[%csl Gc5][%cal Rd4g1]} 37. Qg2 f4 38. gxf4 Qxf4+ 39. Kh1 Kg7 (39... Kh8 $11) 40. Nd2 (40. Re6 $16) 40... Bb4 41. Rf2 Qe3 42. Nf1 Qe5 {[%cal Rb6d5]} 43. Re2 Qf4 (43... Qf5 $14) 44. Re4 $36 {[%mdl 2048] White is really pushing.} Qf8 45. Re6 Qf5 46. Be8 Qxd5 47. Rxg6+ Kh7 48. Bc6 Qxg2+ 49. Rxg2 Rd1 50. Rf2 Kg6 51. Kg2 (51. Be4+ {seems wilder.} Kg7 52. Kg2 Nd7 53. Ne3 Rd2 54. Nf5+) 51... Nd5 52. Bxd5 Rxd5 $14 {[%mdl 4096] Endgame KRB-KRN} 53. Rc2 Bc5 54. Ng3 Bb6 55. b4 Rd4 56. a3 Kg5 57. Rb2 Bc7 {The position is equal.} 58. Ne2 Rd3 59. a4 Be5 60. Rc2 Ra3 61. Rc5 Kf5 62. a5 Ke4 63. Rc4+ Kd3 64. Rc5 Ke4 65. Rc4+ Kd3 66. Rc5 Ke4 {Accuracy: White = 72%, Black = 72%.} 1/2-1/2

[Event "Fagernes GM Swiss 2020"]
[Site "Fagernes"]
[Date "2020.10.06"]
[Round "3.17"]
[White "Skotheim, Andreas"]
[Black "Melaa, Sondre"]
[Result "1-0"]
[WhiteElo "2120"]
[BlackElo "2210"]
[Annotator "TA"]
[PlyCount "73"]
[EventDate "2020.10.04"]
[EventType "swiss"]
[EventCountry "NOR"]
[SourceTitle "playchess.com"]
[Source "ChessBase"]
[SourceQuality "1"]

{[%evp 12,73,53,20,18,11,18,0,8,11,16,17,73,75,84,37,25,35,39,0,13,5,15,8,7,0,14,19,44,37,75,89,75,90,86,84,75,84,94,79,67,93,159,81,89,86,367,341,29969,29970,29970,29974,29971,29975,29975,29975,29975,29975,29981,29982,29986,29987,29990,29991]} 1. e4 e5 2. Nf3 Nc6 3. Bb5 a6 4. Ba4 Nf6 5. O-O Nxe4 6. d4 Be7 7. Qe2 b5 {is cutting edge theory. 7...f5 is vanishing. C84: Closed Ruy Lopez: Unusual White 6th moves.} 8. Bb3 ({But not} 8. Qxe4 d5 $15) 8... d5 9. dxe5 Nc5 {The position is equal.} 10. Rd1 Nxb3 11. axb3 {[%cal Ba2b3,Bb3c4][%mdl 32] [#]} Bg4 $146 (11... Be6 $11) ({Predecessor:} 11... O-O 12. c4 Nb4 13. Bd2 c6 14. Nd4 Qb6 15. Bxb4 Bxb4 16. cxd5 cxd5 17. Nc3 Be6 {½-½ (56) Martin Del Campo C,R (2392)-Javakhadze,Z (2470) Charlotte 2017}) 12. c4 bxc4 13. bxc4 (13. Nc3 {is more complex.} Nb4 14. bxc4 c6 15. cxd5 cxd5 16. Be3) 13... Bxf3 14. gxf3 d4 15. Qe4 Qd7 16. Nc3 $36 {[%mdl 2048] next Rxd4! is good for White. White has the initiative.} O-O 17. Nd5 Rfe8 18. Kh1 Kh8 19. f4 Bc5 20. Bd2 a5 {[#]} 21. b4 $1 {[%mdl 512]} axb4 22. Rxa8 Rxa8 {[#]} 23. Bxb4 $1 {[%mdl 512]} Bf8 ({Wrong is} 23... Bxb4 $2 24. Nxb4 Qg4 25. Rg1 $18) 24. Bxf8 Rxf8 25. f5 $1 Re8 26. f4 Qc8 (26... f6 $142) 27. Nf6 (27. Rg1 $142 $1) 27... gxf6 $16 28. Qxc6 Qd8 $2 {[%mdl 8192] [#] Black cannot hold the game after this.} (28... Rg8 $16) 29. Rxd4 $3 $18 {[%mdl 512]} Qxd4 $2 (29... Qa8 $18 30. Qxa8 Rxa8) 30. Qxe8+ {[%mdl 4160] Endgame Double Attack. KQ-KQ. White mates.} Kg7 {[#]} 31. exf6+ $1 Qxf6 32. Qe5 Qxe5 33. fxe5 Kh6 {[#]} 34. h4 $1 Kh5 35. Kg2 c5 36. Kf3 h6 37. Kf4 {Accuracy: White = 89%, Black = 61%.} 1-0

[Event "Fagernes GM Swiss 2020"]
[Site "Fagernes"]
[Date "2020.10.06"]
[Round "3.18"]
[White "Flatebo, Hallvard Haug"]
[Black "Fossan, Aleksander"]
[Result "0-1"]
[WhiteElo "1877"]
[BlackElo "2171"]
[Annotator "TA"]
[PlyCount "148"]
[EventDate "2020.10.04"]
[EventType "swiss"]
[EventCountry "NOR"]
[SourceTitle "playchess.com"]
[Source "ChessBase"]
[SourceQuality "1"]

{[%evp 17,148,14,14,-4,35,41,23,-21,-14,-10,-15,-14,-12,-22,-15,-22,0,-21,-27,-26,-29,-30,-24,-22,0,0,0,0,25,5,53,6,36,-33,-32,-33,-35,-41,-34,-59,-59,-62,-59,-64,-59,-68,-36,-42,-32,-30,-25,-33,-33,-33,-25,-42,-43,-55,-53,-46,-41,-59,-45,-48,-43,-68,-62,-68,-64,-65,-57,-57,-57,-57,-57,-52,-57,-57,-52,-57,-31,-52,-47,-58,0,-64,-16,-18,-16,-28,-14,-14,-14,-18,0,0,0,0,0,0,0,0,0,-14,0,0,0,-14,-14,-23,-25,-28,-35,-29,-16,-16,-16,-15,-17,-17,-15,-170,-170,-170,-170,-170,-170,-170,-170,-169,-169,-168,-169]} 1. d4 Nf6 2. c4 g6 3. Nc3 d5 4. cxd5 Nxd5 5. e4 Nxc3 6. bxc3 Bg7 7. Qa4+ Nd7 {[%cal Bb8d7,Bd7f6,Bf6e4][%mdl 32]} 8. Nf3 O-O 9. Be2 c5 {9...Nb6 gains popularity.} 10. O-O {D85: Exchange Grünfeld: Unusual White 7th moves and lines with 7 Nf3.} Qc7 11. Bg5 Nf6 {[#]} 12. e5 $146 {White has an edge.} ({Predecessor:} 12. Bd3 e6 13. e5 Nd5 14. Rac1 Bd7 15. Qa3 Rfc8 16. Nd2 cxd4 17. cxd4 Qb6 18. Be3 {½-½ (61) Nguyen,H (2490)-Antal,G (2524) Hungary 2014}) 12... Ne4 13. Qb3 Nxg5 14. Nxg5 Bf5 15. Bf3 Rad8 16. Rad1 {[%cal Ba1d1,Bd1d2,Bd2e2][%mdl 32]} b6 17. Rfe1 h6 18. Ne4 Be6 19. Qa3 Bd5 20. h3 Kh7 21. Rd2 Bxe4 22. Rxe4 f6 {[%cal Rf6e5]} 23. exf6 Bxf6 24. Rde2 Rd6 25. Qb3 ({White should play} 25. g3 $14) 25... cxd4 $15 26. cxd4 Rxd4 27. Rc2 Qd6 28. Rxd4 Bxd4 29. Qd5 Bc5 30. Qxd6 Bxd6 {[%mdl 4096] Endgame KRB-KRB} 31. Re2 e5 (31... Kg7 {seems wilder.} 32. Bd5 h5 33. Kf1 Rf5 34. Bb3 g5) 32. Be4 Kg7 33. Rd2 Rf6 34. g3 Kf7 35. Kg2 Ke7 36. Rc2 Bc5 37. Rd2 g5 38. f3 Rf8 39. Bb7 Rb8 40. Bc6 Bd6 41. a4 Rc8 42. Rc2 Bc5 43. Be4 Rd8 44. h4 gxh4 45. gxh4 Rd4 46. a5 Kd6 47. axb6 axb6 48. Ra2 Rb4 49. h5 Be3 50. Rc2 Bc5 51. Ra2 Ke7 52. Kh3 Be3 53. Rc2 Bf4 54. Kg4 b5 55. Kf5 Rb3 56. Rc7+ Kd6 57. Rc6+ Kd7 58. Rb6 b4 59. Rb5 Rb2 60. Rb6 Ke7 61. Re6+ Kd7 62. Rb6 Rg2 63. Rg6 Rh2 64. Rb6 $1 Rxh5+ 65. Kg6 Rh1 {With the idea ...Bd2.} (65... Rg5+ {feels hotter.} 66. Kf7 Bd2 67. Rxh6 Bc3 68. Ra6 Rg1) 66. Rxb4 Kd6 67. Rc4 h5 {[#] ...h4 is the strong threat.} 68. Rc6+ Kd7 {Strongly threatening ...h4.} 69. Ra6 $2 {Loses the game.} (69. Rb6 $1 $11) 69... h4 $19 {Black is clearly better.} 70. Bf5+ Kc7 {And now ...h3 would win.} 71. Ra7+ Kd6 {aiming for ...h3.} 72. Rh7 Kc5 73. Bg4 Kd4 74. Kf5 Ke3 {Accuracy: White = 86%, Black = 89%.} 0-1